000
00315nam a2200133Ia 4500
008
240624s9999 xx 000 0 und d
041
_a
eng
082
_a
823 CHR
100
_a
CHRISTIE AGATHA
245
_a
MURDER ON THE ORIENT EXPRESS
260
_a
London
_b
Harper
300
_a
347 : p. : cm. ; 22
365
_c
RS
999
_c
26545
_d
26545